<?xml version="1.0" encoding="UTF-8"?>
<collection xmlns="http://www.loc.gov/MARC21/slim">
 <record>
  <leader>04722nam a22003731a 4500</leader>
  <controlfield tag="001">000035518</controlfield>
  <controlfield tag="003">11804</controlfield>
  <controlfield tag="005">20221225133936.0</controlfield>
  <controlfield tag="008">160112s2015                  000   eng</controlfield>
  <datafield tag="040" ind1=" " ind2=" ">
   <subfield code="a">LNN</subfield>
  </datafield>
  <datafield tag="041" ind1=" " ind2=" ">
   <subfield code="a">eng</subfield>
  </datafield>
  <datafield tag="082" ind1=" " ind2=" ">
   <subfield code="a">420.414</subfield>
   <subfield code="b">TR-H</subfield>
  </datafield>
  <datafield tag="100" ind1=" " ind2=" ">
   <subfield code="a">Trần;Thị Thu Hiền</subfield>
  </datafield>
  <datafield tag="245" ind1=" " ind2="3">
   <subfield code="a">An investigation into the errors in pronouncing english long and short vowels of english- majored juniors in university of da nang- university of foreign language studies /</subfield>
   <subfield code="c">Trần Thị Thu Hiền; Phan Văn Hòa supervisor.</subfield>
  </datafield>
  <datafield tag="260" ind1=" " ind2=" ">
   <subfield code="c">2015</subfield>
   <subfield code="a">ĐHĐN :</subfield>
   <subfield code="b">ĐHĐN.</subfield>
  </datafield>
  <datafield tag="300" ind1=" " ind2=" ">
   <subfield code="a">103tr . : ;</subfield>
   <subfield code="c">30cm+.</subfield>
  </datafield>
  <datafield tag="520" ind1=" " ind2=" ">
   <subfield code="a">Nowadays, it is inevitably that English has become one of the most popular foreign languages that the students desire to master. There have been a number of the students feels ashamed at their inappropriate pronunciation also wonder why they are always considered as Vietnamese – English speakers at any time. Others encounter they cannot speak or listen to English because of their incorrect pronunciation. From the reasons above, it can be seen that inappropriate pronunciation has not only posed numerous problems for the students in English using process but also prevented them from improving communication skills. The thesis is conducted to bring out the differences and similarities between English and Vietnamese vowel system. Other aim of the study is to enable the English-majored juniors to obtain certain clearance between long and short vowels, which somewhat contributes to assist them for a better communicating practice. Besides, the aim of the study is to bring out the reasons causing the English- majored juniors errors. The study is aimed at demonstrating the main problems and suggesting some techniques related to vowel sounds including /i: / - /I/, /ɔ: / - /ɒ/, /u: / - /ʊ/, /æ/ - /e/. Questionnaires and recording were employed as the main methodologies for the research. I involved English – majored juniors in Department of English only, specifically they were students from 11CNA07 and 11CNA08 including 85 students. The study found that almost University of Foreign Language Studies’ English – majored juniors come to be aware of the difference between long and short vowels. As displayed in the results of questionnaire, nearly half 11CNA07 and 11CNA08 juniors asserted that they are able to distinguish between long and short vowels. It is also quite true for the results from recording.</subfield>
  </datafield>
  <datafield tag="650" ind1=" " ind2=" ">
   <subfield code="a">errors in pronouncing english long and short vowels of english- majored juniors in university of da nang- university of foreign language studies</subfield>
  </datafield>
  <datafield tag="653" ind1=" " ind2=" ">
   <subfield code="a">errors in pronouncing english long</subfield>
   <subfield code="a">short vowels of english- majored juniors</subfield>
  </datafield>
  <datafield tag="700" ind1=" " ind2=" ">
   <subfield code="a">Phan Văn Hòa</subfield>
   <subfield code="e">supervisor</subfield>
  </datafield>
  <datafield tag="OWN" ind1=" " ind2=" ">
   <subfield code="a">LNN</subfield>
  </datafield>
  <datafield tag="902" ind1=" " ind2=" ">
   <subfield code="a">Luận văn thạc sĩ</subfield>
  </datafield>
  <datafield tag="AVA" ind1=" " ind2=" ">
   <subfield code="a">UDN50</subfield>
   <subfield code="b">LNN</subfield>
   <subfield code="c">English</subfield>
   <subfield code="d">420.414 TR-H</subfield>
   <subfield code="e">available</subfield>
   <subfield code="t">Error 5001 Not defined in file expand_doc_bib_avail.</subfield>
   <subfield code="f">1</subfield>
   <subfield code="g">0</subfield>
   <subfield code="h">N</subfield>
   <subfield code="i">0</subfield>
   <subfield code="j">AN</subfield>
   <subfield code="k">1</subfield>
  </datafield>
  <datafield tag="Z40" ind1="3" ind2=" ">
   <subfield code="y">An investigation into the errors in pronouncing english long and short vowels of english- majored ju</subfield>
   <subfield code="l">Library of UFL</subfield>
   <subfield code="t">VIEW</subfield>
   <subfield code="x">http://catalog.udn.vn:80/F?func=service&amp;doc_library=UDN01&amp;local_base=UDN01&amp;doc_number=000035518&amp;sequence=000001&amp;line_number=0001&amp;func_code=DB_RECORDS&amp;service_type=MEDIA</subfield>
   <subfield code="f">TOMTAT_000012080.pdf</subfield>
   <subfield code="e">pdf</subfield>
   <subfield code="s">000256394</subfield>
   <subfield code="k">20210812</subfield>
   <subfield code="m">NTMTHI</subfield>
  </datafield>
  <datafield tag="Z40" ind1="3" ind2=" ">
   <subfield code="y">An investigation into the errors in pronouncing english long and short vowels of english- majored ju</subfield>
   <subfield code="l">Library of UFL</subfield>
   <subfield code="t">VIEW</subfield>
   <subfield code="x">http://catalog.udn.vn:80/F?func=service&amp;doc_library=UDN01&amp;local_base=UDN01&amp;doc_number=000035518&amp;sequence=000002&amp;line_number=0002&amp;func_code=DB_RECORDS&amp;service_type=MEDIA</subfield>
   <subfield code="f">NOIDUNGLUANVAN_000012082.PDF</subfield>
   <subfield code="e">PDF</subfield>
   <subfield code="s">002646615</subfield>
   <subfield code="k">20210812</subfield>
   <subfield code="m">NTMTHI</subfield>
  </datafield>
  <datafield tag="999" ind1=" " ind2=" ">
   <subfield code="a">From the UDN01</subfield>
  </datafield>
  <datafield tag="AVA" ind1=" " ind2=" ">
   <subfield code="a">UDN50</subfield>
   <subfield code="b">LNN</subfield>
   <subfield code="c">English</subfield>
   <subfield code="d">420.414 TR-H</subfield>
   <subfield code="e">available</subfield>
   <subfield code="t">Error 5001 Not defined in file expand_doc_bib_avail.</subfield>
   <subfield code="f">1</subfield>
   <subfield code="g">0</subfield>
   <subfield code="h">N</subfield>
   <subfield code="i">0</subfield>
   <subfield code="j">AN</subfield>
   <subfield code="k">1</subfield>
  </datafield>
  <datafield tag="TYP" ind1=" " ind2=" ">
   <subfield code="a">Monograph</subfield>
  </datafield>
  <datafield tag="TYP" ind1=" " ind2=" ">
   <subfield code="a">Printed language</subfield>
  </datafield>
  <datafield tag="856" ind1=" " ind2=" ">
   <subfield code="y">An investigation into the errors in pronouncing english long and short vowels of english- majored ju</subfield>
   <subfield code="l">Library of UFL</subfield>
   <subfield code="t">VIEW</subfield>
   <subfield code="x">http://catalog.udn.vn:80/F?func=service&amp;doc_library=UDN01&amp;local_base=UDN01&amp;doc_number=000035518&amp;sequence=000001&amp;line_number=0001&amp;func_code=DB_RECORDS&amp;service_type=MEDIA</subfield>
   <subfield code="f">TOMTAT_000012080.pdf</subfield>
   <subfield code="e">pdf</subfield>
   <subfield code="s">000256394</subfield>
   <subfield code="k">20210812</subfield>
   <subfield code="m">NTMTHI</subfield>
  </datafield>
  <datafield tag="856" ind1=" " ind2=" ">
   <subfield code="y">An investigation into the errors in pronouncing english long and short vowels of english- majored ju</subfield>
   <subfield code="l">Library of UFL</subfield>
   <subfield code="t">VIEW</subfield>
   <subfield code="x">http://catalog.udn.vn:80/F?func=service&amp;doc_library=UDN01&amp;local_base=UDN01&amp;doc_number=000035518&amp;sequence=000002&amp;line_number=0002&amp;func_code=DB_RECORDS&amp;service_type=MEDIA</subfield>
   <subfield code="f">NOIDUNGLUANVAN_000012082.PDF</subfield>
   <subfield code="e">PDF</subfield>
   <subfield code="s">002646615</subfield>
   <subfield code="k">20210812</subfield>
   <subfield code="m">NTMTHI</subfield>
  </datafield>
  <datafield tag="980" ind1=" " ind2=" ">
   <subfield code="a">Mạng thư viện Đại học Đà Nẵng</subfield>
  </datafield>
 </record>
</collection>
